000 00663nam a2200193Ia 4500
005 20260601193227.0
008 260601s9999||||xx |||||||||||||| ||und||
020 _a978-3-031-51468-5
_qebk
100 _aGuan Gui
245 0 _ae-Learning, e-Education, and Online Training
250 _a1st ed. 2024
260 _aHeidelberg, Germany
_bSpringer Nature
_c2024
440 _aLecture Notes of the Institute for Computer Sciences, Social Informatics and Telecommunications Engineering
650 _aComputer Science
700 _aYing Li
700 _aYun Lin
856 _uhttps://link.springer.com/openurl?genre=book&isbn=978-3-031-51468-5
942 _cEB
_2ddc
999 _c55968
_d55968